Proyecto de exportación del chayote de la comunidad indígena de Mezcala del municipio de Poncitlán, Jalisco, en la ribera de la laguna de Chapala /

Guardado en:
Detalles Bibliográficos
Autor principal: Montoya Martínez, Rafael (autor)
Otros autores: Plascencia López, José Gerardo (autor) (autor), Robles Solano, Jorge (autor) (autor)
Formato: Libro
Idioma:Español
Temas:
Etiquetas: Agrega una etiqueta
Sin etiquetas, Sé el primero en etiquetar este registro!

MARC

LEADER 00000nam^a2200000^a^4500
001 000154793
005 20250521000000.0
009 20260310100405.102
037 |a Acervo ITESO - Biblioteca 
041 |a ESP 
090 |a CIN. 228 
100 |a Montoya Martínez, Rafael  |e (autor) 
245 1 0 |a Proyecto de exportación del chayote de la comunidad indígena de Mezcala del municipio de Poncitlán, Jalisco, en la ribera de la laguna de Chapala /  |c R. Montoya Martínez, J.G. Plascencia López, J. Robles Solano. 
264 |a Guadalajara, México :  |b edición de autor,  |c 2003 
300 |a 1 disco compacto de computadora 
336 |a datos para computadora  |b cod  |2 rdacontenido 
337 |a computadora  |b c  |2 rdamedio 
338 |a disco de computadora  |b cd  |2 rdasoporte 
593 |a Tesis de Lic. en Comercio Internacional 
649 |a XX 
650 |a Chayote -  |z Mezcala, Jalisco -  |x Aspectos Económicos -  |x Tema Principal 
650 |a Chayote -  |z México -  |x Aspectos Económicos 
650 |a Verduras y Legumbres 
650 |a Industria Alimenticia 
650 |a Exportaciones -  |z México 
650 |a Empaque y Embalaje 
650 |a Aranceles 
650 |a Mercadotecnia de Exportación 
650 |a Comercio Exterior 
650 |a Comercio Internacional 
650 |a Ciencias Administrativas 
700 |a Plascencia López, José Gerardo  |e (autor) 
700 |a Robles Solano, Jorge  |e (autor) 
910 |a Fondo General 
920 |a Electrónicos - Tesis del ITESO en Disco 
905 |a 202 
901 |a 0500086562  |b IT2  |c STS  |u 20250521 
902 |a https://opac.biblio.iteso.mx/vufind/Record/000154793